[Event "V Festival Terre degli Elimi A"]
[Site "Erice ITA"]
[Date "2014.07.21"]
[Round "4"]
[White "Gueci, Laura"]
[Black "Friesen, Boris"]
[WhiteElo "1968"]
[BlackElo "2076"]
[Result "1/2-1/2"]
[PlyCount "51"]
[EventDate "2014.07.19"]

1. c4 Nf6 2. Nc3 g6 3. g3 d5 4. cxd5 Nxd5 5. Bg2 Nb6 6. Nf3 Bg7 7. O-O O-O 8.
d4 Nc6 9. e3 Re8 10. a3 a5 11. h3 Be6 12. b3 a4 13. bxa4 Na5 14. Rb1 Bc4 15.
Re1 Nd7 16. Qc2 c6 17. Nd2 Ba6 18. Nce4 e5 19. Nc5 exd4 20. Nxa6 Rxa6 21. Ne4
d3 22. Qxd3 Ne5 23. Qxd8 Rxd8 24. Nc5 Ra7 25. Bb2 Nec4 26. Bxg7 1/2-1/2

[Event "V Festival Terre degli Elimi A"]
[Site "Erice ITA"]
[Date "2014.07.21"]
[Round "4"]
[White "Iannello, Andrea"]
[Black "Ovaskainen, Juha"]
[WhiteElo "1924"]
[BlackElo "1839"]
[Result "0-1"]
[PlyCount "113"]
[EventDate "2014.07.19"]

1. e4 d5 2. exd5 Qxd5 3. Nc3 Qd6 4. d4 Nf6 5. Nge2 c6 6. g3 g6 7. Bg2 Bg7 8.
Bf4 Qd8 9. O-O O-O 10. Qd2 Be6 11. Rad1 Nd5 12. Bh6 Nd7 13. Bxg7 Kxg7 14. Ne4
N5f6 15. Nf4 Bc4 16. Rfe1 Nxe4 17. Rxe4 Nf6 18. Ree1 Bd5 19. Nxd5 Nxd5 20. Bxd5
cxd5 21. Qb4 e6 22. Qxb7 Qd6 23. Qb3 Rab8 24. Qa4 Rxb2 25. Qxa7 Rxc2 26. Rb1
Qc6 27. Rb6 Rxa2 28. Qxf7+ Rxf7 29. Rxc6 Rfxf2 30. Rcxe6 Rg2+ 31. Kh1 Rxh2+ 32.
Kg1 Rag2+ 33. Kf1 Rd2 34. Kg1 Rhg2+ 35. Kh1 Rxg3 36. Re7+ Kh6 37. R7e2 Rxe2 38.
Rxe2 Rd3 39. Rh2+ Kg7 40. Rh4 g5 41. Rg4 Kg6 42. Rg2 Rxd4 43. Ra2 h5 44. Kg2
Kf5 45. Ra8 Kg4 46. Ra2 h4 47. Rb2 Rc4 48. Rd2 d4 49. Rd1 Kf4 50. Rf1+ Ke3 51.
Rf3+ Ke4 52. Rf8 d3 53. Rg8 Rc5 54. Re8+ Kd4 55. Rd8+ Rd5 56. Rg8 d2 57. Kf3
0-1

[Event "V Festival Terre degli Elimi A"]
[Site "Erice ITA"]
[Date "2014.07.21"]
[Round "4"]
[White "Iordachescu, Viorel"]
[Black "Warakomski, Tomasz"]
[WhiteElo "2593"]
[BlackElo "2501"]
[Result "1-0"]
[PlyCount "83"]
[EventDate "2014.07.19"]

1. c4 c5 2. Nf3 Nf6 3. Nc3 Nc6 4. g3 d5 5. cxd5 Nxd5 6. Bg2 Nc7 7. O-O e5 8. a3
f6 9. e3 Bf5 10. d4 cxd4 11. exd4 exd4 12. Ne2 d3 13. Nf4 Qd7 14. Re1+ Be7 15.
Nh4 Bg4 16. f3 O-O-O 17. fxg4 d2 18. Bxd2 Qxd2 19. Qb3 Rhe8 20. Kh1 Na5 21. Qf3
g5 22. b4 Bxb4 23. Rxe8 Rxe8 24. axb4 Nc6 25. Nd3 gxh4 26. Rd1 Qg5 27. gxh4
Qxh4 28. b5 Nd8 29. Nf2 Re7 30. Ne4 Nf7 31. Ng3 Nxb5 32. Qf5+ Kb8 33. Qxb5 Qxg4
34. Qd5 Qb4 35. Ne4 a5 36. h3 a4 37. Qd3 Qa5 38. Nc3 Ne5 39. Qd6+ Qc7 40. Qxf6
Rf7 41. Rd8+ Ka7 42. Nb5# 1-0

[Event "V Festival Terre degli Elimi A"]
[Site "Erice ITA"]
[Date "2014.07.21"]
[Round "4"]
[White "Iwanow, Anna"]
[Black "De Wit, Tex"]
[WhiteElo "2210"]
[BlackElo "2330"]
[Result "0-1"]
[PlyCount "68"]
[EventDate "2014.07.19"]

1. e4 g6 2. d4 Bg7 3. Nc3 d6 4. f4 Nf6 5. Bd3 O-O 6. e5 dxe5 7. dxe5 Nd5 8.
Nxd5 Qxd5 9. Nf3 Nc6 10. Qe2 Bg4 11. Be4 Qd7 12. Be3 Nd4 13. Bxd4 Bxf3 14. Qxf3
Qxd4 15. c3 Qb6 16. O-O-O f6 17. e6 f5 18. Bc2 a5 19. Qe2 a4 20. a3 Ra5 21. Rd7
Bf6 22. h3 Rb5 23. Bd3 Rc5 24. g4 Bxc3 25. bxc3 Rxc3+ 26. Kd2 Qb2+ 27. Ke3 Qb6+
28. Kd2 Rxa3 29. Qe5 Ra2+ 30. Kc1 a3 31. Rf1 Qb4 32. gxf5 Rg2 33. fxg6 hxg6 34.
f5 a2 0-1

[Event "V Festival Terre degli Elimi A"]
[Site "Erice ITA"]
[Date "2014.07.21"]
[Round "4"]
[White "Levitt, Jonathan Paul"]
[Black "Amato, Andrea"]
[WhiteElo "2420"]
[BlackElo "2350"]
[Result "1-0"]
[PlyCount "111"]
[EventDate "2014.07.19"]

1. d4 d6 2. c4 e5 3. Nc3 exd4 4. Qxd4 Nc6 5. Qd2 g6 6. b3 Bg7 7. Bb2 Nf6 8. g3
O-O 9. Bg2 Re8 10. Nh3 Bf5 11. Nf4 Ne4 12. Nxe4 Bxe4 13. f3 Bf5 14. Bxg7 Kxg7
15. Qc3+ f6 16. e4 Be6 17. O-O Ne5 18. Rad1 b6 19. Nxe6+ Rxe6 20. f4 Nd7 21. e5
Rc8 22. Bh3 f5 23. exd6+ Qf6 24. Qxf6+ Nxf6 25. Rfe1 Rxe1+ 26. Rxe1 cxd6 27.
Re7+ Kh6 28. Re6 Kg7 29. Rxd6 Re8 30. Kf1 Re3 31. Bg2 Rc3 32. Ke2 Ng4 33. Kd2
Re3 34. Rd7+ Kf6 35. Bh3 Rf3 36. Bxg4 fxg4 37. Ke2 Rc3 38. Rd3 Rc2+ 39. Rd2 Rc3
40. Kd1 Rf3 41. b4 g5 42. fxg5+ Kxg5 43. c5 bxc5 44. bxc5 Kf6 45. c6 Rc3 46.
Rc2 Rd3+ 47. Ke2 Rd8 48. c7 Rc8 49. Ke3 Ke7 50. Kf4 Kd7 51. Kxg4 Rg8+ 52. Kh5
Kc8 53. Kh6 a5 54. Kxh7 Rg4 55. a3 a4 56. Rc3 1-0

[Event "V Festival Terre degli Elimi A"]
[Site "Erice ITA"]
[Date "2014.07.21"]
[Round "4"]
[White "Manakova, Maria"]
[Black "Maiorov, Nikita"]
[WhiteElo "2273"]
[BlackElo "2531"]
[Result "0-1"]
[PlyCount "100"]
[EventDate "2014.07.19"]

1. e4 e5 2. Nf3 Nc6 3. Nc3 Nf6 4. d4 exd4 5. Nxd4 Bb4 6. Nxc6 bxc6 7. Bd3 O-O
8. O-O d5 9. exd5 cxd5 10. Bg5 c6 11. Qf3 h6 12. Bf4 Bd6 13. h3 Rb8 14. b3 Bb7
15. Rfe1 c5 16. Rad1 Bxf4 17. Qxf4 Qa5 18. Qd2 Qc7 19. Ne2 c4 20. Bf5 Rfe8 21.
c3 Ne4 22. Bxe4 dxe4 23. b4 Rbd8 24. Qf4 Qxf4 25. Nxf4 f5 26. h4 Bc6 27. h5 Ba4
28. Rd5 Rxd5 29. Nxd5 Kf7 30. Ne3 Ke6 31. Nxc4 Rc8 32. Nb2 Be8 33. c4 Bxh5 34.
f3 Ke5 35. fxe4 fxe4 36. Nd3+ Kd4 37. Nf4 Bg4 38. c5 e3 39. Kh2 g5 40. Kg3
gxf4+ 41. Kxg4 Ke4 42. Rc1 Rg8+ 43. Kh5 e2 44. c6 Ke3 45. b5 Kd2 46. Ra1 Rg5+
47. Kh4 Rxb5 48. a4 Rc5 49. Ra2+ Ke3 50. Ra3+ Ke4 0-1

[Event "V Festival Terre degli Elimi A"]
[Site "Erice ITA"]
[Date "2014.07.21"]
[Round "4"]
[White "Mangelschots, Peter"]
[Black "Aranaz Portugues, Jose' Carlos"]
[WhiteElo "2053"]
[BlackElo "2096"]
[Result "1-0"]
[PlyCount "97"]
[EventDate "2014.07.19"]

1. c4 c6 2. Nf3 d5 3. e3 e6 4. Nc3 f5 5. b3 Nf6 6. Bb2 Bb4 7. Qc2 O-O 8. Be2
Ne4 9. cxd5 exd5 10. a3 Be7 11. O-O Nd7 12. b4 a6 13. Nd4 Ndf6 14. Na4 Bd6 15.
f4 Ng4 16. Nf3 Qe7 17. Bd4 Be6 18. Nc5 Bf7 19. Rac1 Bh5 20. Qb2 Ngf6 21. d3
Nxc5 22. bxc5 Bb8 23. Rb1 Bxf3 24. Rxf3 Rf7 25. Rg3 Kf8 26. Rg5 Ba7 27. Qb3 g6
28. Rg3 Rb8 29. a4 Nd7 30. Rc1 b6 31. Qc3 b5 32. Be5 Nxe5 33. fxe5 b4 34. Qb2
Qe6 35. a5 d4 36. Qxd4 Rd7 37. Qf4 Qa2 38. Bf1 Qd2 39. Qh6+ Kg8 40. Rc4 Rf7 41.
Rh4 Bxc5 42. d4 Be7 43. Rf4 Qc2 44. h4 b3 45. h5 Bf8 46. hxg6 Rbb7 47. e4 b2
48. Rxf5 Qxe4 49. gxh7+ 1-0

[Event "V Festival Terre degli Elimi A"]
[Site "Erice ITA"]
[Date "2014.07.21"]
[Round "4"]
[White "Mantovani, Renzo"]
[Black "De Coninck, Rafael"]
[WhiteElo "2349"]
[BlackElo "2133"]
[Result "1-0"]
[PlyCount "93"]
[EventDate "2014.07.19"]

1. g3 e6 2. Bg2 Nf6 3. Nf3 b6 4. O-O Bb7 5. b3 c5 6. c4 Be7 7. Bb2 d6 8. Nc3
O-O 9. Re1 Ne4 10. Nxe4 Bxe4 11. d3 Bb7 12. e4 Nd7 13. d4 cxd4 14. Nxd4 a6 15.
Qg4 Ne5 16. Qe2 Rc8 17. Rad1 Qc7 18. f4 Nc6 19. Nc2 Rfd8 20. Ne3 Nb8 21. Qg4
Bf8 22. h4 Nd7 23. h5 e5 24. Nf5 Kh8 25. Rxd6 Nc5 26. Red1 f6 27. Rxd8 Rxd8 28.
Rxd8 Qxd8 29. fxe5 Qd2 30. Bd4 Bxe4 31. Bxe4 Qe1+ 32. Kg2 Nxe4 33. exf6 gxf6
34. Be3 Nd2 35. Qf4 Qe2+ 36. Qf2 Qxf2+ 37. Kxf2 Ne4+ 38. Kf3 Ng5+ 39. Bxg5 fxg5
40. Ke4 Kg8 41. Ke5 Kf7 42. Nd6+ Ke7 43. Nc8+ Kd7 44. Nxb6+ Kc6 45. Nd5 Bd6+
46. Kf5 h6 47. g4 1-0

[Event "V Festival Terre degli Elimi A"]
[Site "Erice ITA"]
[Date "2014.07.21"]
[Round "4"]
[White "Marzaduri, Riccardo"]
[Black "Lewyk, Ihor"]
[WhiteElo "1944"]
[BlackElo "2069"]
[Result "1/2-1/2"]
[PlyCount "64"]
[EventDate "2014.07.19"]

1. e4 d5 2. exd5 Nf6 3. Nf3 Nxd5 4. Bc4 Nb6 5. Bb3 Nc6 6. d4 e6 7. c3 Be7 8.
O-O O-O 9. Re1 Nd7 10. Nbd2 Nf6 11. Nc4 b6 12. Nce5 Bd7 13. Ng5 Nxe5 14. dxe5
Nd5 15. Bxd5 exd5 16. Qxd5 Bxg5 17. Bxg5 Qe8 18. Qc4 Qc8 19. Re3 Be6 20. Qf4
Bf5 21. Rg3 Bg6 22. Qc4 Qd7 23. h4 Rae8 24. Bf4 Re6 25. Re1 c5 26. Rge3 h6 27.
Qe2 Rd8 28. h5 Bf5 29. f3 Qd2 30. Qxd2 Rxd2 31. R3e2 Rxe2 32. Rxe2 Bd3 1/2-1/2

[Event "V Festival Terre degli Elimi A"]
[Site "Erice ITA"]
[Date "2014.07.21"]
[Round "4"]
[White "Melograni, Francesco"]
[Black "Messina, Damiano"]
[WhiteElo "1860"]
[BlackElo "1857"]
[Result "0-1"]
[PlyCount "30"]
[EventDate "2014.07.19"]

1. e4 c5 2. Nf3 Nc6 3. d4 cxd4 4. Nxd4 Nf6 5. Nc3 Qc7 6. Be3 e6 7. Be2 Bb4 8.
f3 d5 9. O-O Bxc3 10. bxc3 O-O 11. Nxc6 bxc6 12. a4 e5 13. a5 Be6 14. Bc5 Rfd8
15. exd5 Rxd5 0-1

[Event "V Festival Terre degli Elimi A"]
[Site "Erice ITA"]
[Date "2014.07.21"]
[Round "4"]
[White "Mollema, Thomas"]
[Black "Di Misa, Salvatore"]
[WhiteElo "2076"]
[BlackElo "1962"]
[Result "1/2-1/2"]
[PlyCount "162"]
[EventDate "2014.07.19"]

1. e4 e6 2. d4 d5 3. Nc3 Nf6 4. Bg5 Be7 5. e5 Nfd7 6. Bxe7 Qxe7 7. Qh5 a6 8. f4
c5 9. Nf3 Nc6 10. O-O-O Nb6 11. g4 cxd4 12. Nxd4 Nxd4 13. Rxd4 Qc5 14. Rd2 g6
15. Qg5 Qe7 16. Qh6 Bd7 17. f5 O-O-O 18. Qe3 Qb4 19. a3 Qa5 20. f6 Kb8 21. g5
Bc6 22. Rd4 Nd7 23. Bg2 Qc7 24. Re1 Nb6 25. Bf1 Rc8 26. Rb4 Bb5 27. Bxb5 axb5
28. Qf2 Qc5 29. Qxc5 Rxc5 30. Rxb5 Rc6 31. Na2 Nd7 32. b3 h6 33. gxh6 Rxh6 34.
Re2 Rc8 35. Nb4 Rh5 36. Nd3 Rch8 37. c4 dxc4 38. bxc4 Rxh2 39. Rxh2 Rxh2 40.
Rb2 Rh4 41. Rb4 Rh5 42. Kc2 Kc7 43. Rb5 g5 44. Kd2 g4 45. Ke2 Rg5 46. Rb1 Nxe5
47. Nxe5 Rxe5+ 48. Kf2 Rf5+ 49. Kg3 Rxf6 50. Kxg4 Rf5 51. Rb4 Kc6 52. Rb3 Rf1
53. Kg5 Rf5+ 54. Kg4 b6 55. Rb2 Ra5 56. Rf2 f5+ 57. Kf4 Rxa3 58. Re2 Kd6 59.
Rb2 Kc5 60. Rb5+ Kc6 61. Re5 Rc3 62. Rxe6+ Kc5 63. Kxf5 Rxc4 64. Re8 Rd4 65.
Ke5 Rd2 66. Rc8+ Kb4 67. Ke4 b5 68. Ke3 Rd6 69. Rc1 Ka5 70. Ra1+ Kb6 71. Ke2 b4
72. Rd1 Rc6 73. Kd2 Kb5 74. Rc1 Rh6 75. Kc2 Kc4 76. Kb2+ Kb5 77. Rc8 Rh2+ 78.
Kb3 Rh3+ 79. Kb2 Rh2+ 80. Kb3 Rh3+ 81. Kb2 Rh2+ 1/2-1/2

[Event "V Festival Terre degli Elimi A"]
[Site "Erice ITA"]
[Date "2014.07.21"]
[Round "4"]
[White "Petkov, Vladimir"]
[Black "Smith, Thijmen"]
[WhiteElo "2538"]
[BlackElo "2225"]
[Result "1-0"]
[PlyCount "139"]
[EventDate "2014.07.19"]

1. d4 d5 2. c4 e6 3. Nf3 c5 4. e3 Nf6 5. a3 cxd4 6. exd4 Nc6 7. Nc3 Be7 8. cxd5
Nxd5 9. Bd3 O-O 10. O-O Nf6 11. Re1 b6 12. Bc2 Bb7 13. Qd3 Rc8 14. d5 Na5 15.
Bg5 Rxc3 16. Qxc3 Qxd5 17. Rad1 Qc4 18. Qd3 Qxd3 19. Bxd3 h6 20. Bh4 Nb3 21.
Ne5 Nc5 22. Bb1 g5 23. Bg3 Bd5 24. f3 Nh5 25. Bf2 Nf4 26. Ng4 h5 27. Nh6+ Kh8
28. b4 Nb7 29. Bd4+ f6 30. h4 gxh4 31. Nf5 Bd8 32. Nxh4 Rg8 33. Be3 f5 34. Nxf5
Rxg2+ 35. Kh1 Bxf3 36. Nd4 Bxd1 37. Bxf4 Rf2 38. Be5+ Bf6 39. Bxf6+ Rxf6 40.
Rxd1 Nd6 41. Nc6 Nb5 42. Rd8+ Kg7 43. Bd3 Nxa3 44. Kg2 Rf7 45. b5 Rc7 46. Rd6
Kf6 47. Kf3 Rg7 48. Rd4 Rg4 49. Rxg4 hxg4+ 50. Kxg4 e5 51. Nxa7 Ke6 52. Kf3 Kd5
53. Ke3 Kc5 54. Ke4 Kd6 55. Be2 Ke6 56. Nc8 Nxb5 57. Bxb5 Kf6 58. Nd6 Ke6 59.
Ne8 Kf7 60. Kxe5 Kg8 61. Kf6 Kh7 62. Ng7 Kh8 63. Ne6 Kh7 64. Kg5 Kh8 65. Kg6
Kg8 66. Be8 b5 67. Bf7+ Kh8 68. Kh6 b4 69. Nf4 b3 70. Ng6# 1-0

[Event "V Festival Terre degli Elimi A"]
[Site "Erice ITA"]
[Date "2014.07.21"]
[Round "4"]
[White "Pisacane, Pietro"]
[Black "Larsen, Karsten"]
[WhiteElo "2058"]
[BlackElo "2265"]
[Result "0-1"]
[PlyCount "86"]
[EventDate "2014.07.19"]

1. d4 d5 2. c4 e6 3. Nf3 Nf6 4. g3 Nc6 5. Bg2 dxc4 6. Qa4 Nd7 7. Qxc4 Nb6 8.
Qd3 e5 9. Nxe5 Nb4 10. Qd1 Qxd4 11. Qxd4 Nc2+ 12. Kd1 Nxd4 13. Nd2 c6 14. Nef3
Nxf3 15. Bxf3 Be6 16. Kc2 O-O-O 17. b3 Bc5 18. Bb2 f6 19. e3 Bf5+ 20. Ne4 Bxe3
21. fxe3 Rhe8 22. Rad1 Rxd1 23. Rxd1 Bxe4+ 24. Bxe4 Rxe4 25. Kd3 Re6 26. Bd4
Kc7 27. h4 Nc8 28. h5 Nd6 29. Rf1 h6 30. a4 a5 31. Bc3 b6 32. Rf4 c5 33. Rg4
Re7 34. e4 Kd7 35. Rf4 Ke6 36. Bd2 Rd7 37. Ke2 Nf7 38. Bc3 Ne5 39. Rf5 Nc6 40.
Rf1 Nd4+ 41. Bxd4 Rxd4 42. Ke3 Rb4 43. Rb1 Ke5 0-1

[Event "V Festival Terre degli Elimi A"]
[Site "Erice ITA"]
[Date "2014.07.21"]
[Round "4"]
[White "Sadzikowski, Daniel"]
[Black "Santagati, Alessandro"]
[WhiteElo "2481"]
[BlackElo "2216"]
[Result "1-0"]
[PlyCount "127"]
[EventDate "2014.07.19"]

1. e4 Nc6 2. Nf3 f5 3. exf5 d5 4. Bb5 Bxf5 5. Ne5 Bd7 6. Bxc6 Bxc6 7. O-O Nf6
8. d4 g6 9. Nc3 Bd7 10. Bf4 Bg7 11. Qd2 O-O 12. Bh6 b5 13. Bxg7 Kxg7 14. a4 a6
15. Qe3 b4 16. Ne2 Bf5 17. Rac1 Qd6 18. Ng3 Nd7 19. Nxd7 Bxd7 20. b3 Rae8 21.
Rfe1 Qf4 22. Qe5+ Qxe5 23. Rxe5 c6 24. Rce1 e6 25. Ne2 Rc8 26. g3 c5 27. dxc5
Rxc5 28. Nd4 Rc3 29. R1e2 Re8 30. f4 h5 31. Kg2 Rec8 32. h4 Kf7 33. Kf2 a5 34.
R5e3 R3c5 35. Ke1 Rc3 36. Kd2 R3c5 37. Rd3 Kf6 38. Ree3 R8c7 39. Rf3 Rc8 40.
Rde3 R8c7 41. Re2 Rc8 42. Re5 R5c7 43. Rf2 Rc3 44. Rg2 Kf7 45. Rg5 R8c7 46. g4
hxg4 47. h5 gxh5 48. Rxh5 Rh3 49. Rg5 Rh4 50. Ne2 e5 51. fxe5 Rc6 52. Rf2+ Ke7
53. Rg7+ Ke8 54. Rg8+ Ke7 55. Rg7+ Ke8 56. Rff7 Bc8 57. Ra7 Kf8 58. Nd4 Rh2+
59. Kc1 Rc3 60. e6 Rhxc2+ 61. Nxc2 Bxe6 62. Kd2 Rxb3 63. Nd4 Rb2+ 64. Kc1 1-0

[Event "V Festival Terre degli Elimi A"]
[Site "Erice ITA"]
[Date "2014.07.21"]
[Round "4"]
[White "Sardo, Gabriele"]
[Black "Ravagnani, Tiziano"]
[WhiteElo "2253"]
[BlackElo "2006"]
[Result "1-0"]
[PlyCount "41"]
[EventDate "2014.07.19"]

1. d4 Nf6 2. c4 c5 3. d5 e6 4. Nc3 exd5 5. cxd5 Bd6 6. Nf3 a6 7. a4 O-O 8. g3
Re8 9. Bg2 Bc7 10. O-O Ba5 11. Nd2 Bxc3 12. bxc3 d6 13. Nc4 Bf5 14. Bf4 Ne4 15.
Qb3 Qf6 16. Qxb7 g5 17. Bxe4 Rxe4 18. Qxa8 Rxc4 19. Qxb8+ Kg7 20. Bxd6 Re4 21.
f3 1-0

[Event "V Festival Terre degli Elimi A"]
[Site "Erice ITA"]
[Date "2014.07.21"]
[Round "4"]
[White "Valguarnera, Girolamo"]
[Black "Campo, Renato"]
[WhiteElo "2090"]
[BlackElo "1992"]
[Result "0-1"]
[PlyCount "108"]
[EventDate "2014.07.19"]

1. e4 g6 2. Nf3 Bg7 3. Bc4 e6 4. Bb3 a6 5. d4 b6 6. O-O Bb7 7. Re1 Ne7 8. Nc3
d6 9. d5 e5 10. Bg5 h6 11. Bd2 Nd7 12. a4 g5 13. Bc4 Ng6 14. Re3 O-O 15. Ne1 f5
16. exf5 Ne7 17. g4 Nf6 18. Nd3 Nexd5 19. Nb4 c6 20. h4 Rf7 21. hxg5 Nxe3 22.
Bxf7+ Kxf7 23. g6+ Kf8 24. Bxe3 d5 25. g5 hxg5 26. Bxg5 Qd6 27. Nd3 d4 28. Ne2
c5 29. Ng3 c4 30. Ne1 Qd5 31. Bxf6 Bxf6 32. Qh5 Ke7 33. Qh7+ Kd6 34. f3 Rh8 35.
Ne4+ Qxe4 36. fxe4 Rxh7 37. gxh7 Bxe4 38. Ng2 Bxf5 39. a5 b5 40. b3 cxb3 41.
cxb3 Bxh7 42. Rf1 Bg5 43. Rf7 Bc2 44. Ne1 d3 45. Nxd3 Bxd3 46. Rg7 Bd2 47. Kf2
Bxa5 48. Ke3 Bc2 49. Rg2 Bb6+ 50. Kd2 Bxb3 51. Kc3 Bc4 52. Kb4 a5+ 53. Kc3 Bc5
54. Kb2 a4 0-1

[Event "V Festival Terre degli Elimi A"]
[Site "Erice ITA"]
[Date "2014.07.21"]
[Round "4"]
[White "Van Der Eijk, Martijn"]
[Black "Aranaz Murillo, Amalia"]
[WhiteElo "2198"]
[BlackElo "2298"]
[Result "1/2-1/2"]
[PlyCount "44"]
[EventDate "2014.07.19"]

1. c4 c6 2. Nf3 d5 3. e3 Nf6 4. Nc3 g6 5. d4 Bg7 6. Bd3 O-O 7. Qc2 c5 8. dxc5
dxc4 9. Bxc4 Qa5 10. O-O Qxc5 11. Na4 Qh5 12. Be2 Bd7 13. Nc3 Nc6 14. Bd2 Rac8
15. Rac1 Be6 16. Qb1 Qa5 17. b3 Qc7 18. Nb5 Qb8 19. Bc3 Bf5 20. Qb2 a6 21. Nbd4
Nxd4 22. Bxd4 Rfd8 1/2-1/2

[Event "V Festival Terre degli Elimi A"]
[Site "Erice ITA"]
[Date "2014.07.21"]
[Round "4"]
[White "Violi, Vincenzo"]
[Black "Savalla, Pietro"]
[WhiteElo "1839"]
[BlackElo "1894"]
[Result "1/2-1/2"]
[PlyCount "45"]
[EventDate "2014.07.19"]

1. e4 e5 2. Nf3 d6 3. d4 exd4 4. Qxd4 a6 5. Bf4 Nc6 6. Qd2 Nf6 7. Nc3 Be7 8.
Bd3 O-O 9. O-O-O b5 10. Nd5 Be6 11. Ng5 Ne5 12. Nxe6 fxe6 13. Nxe7+ Qxe7 14.
Bxe5 dxe5 15. Rdf1 Nd7 16. f4 exf4 17. Rxf4 Rxf4 18. Qxf4 e5 19. Qd2 Rd8 20.
Rd1 Rf8 21. Be2 Nf6 22. g4 Kh8 23. Qe3 1/2-1/2

[Event "V Festival Terre degli Elimi A"]
[Site "Erice ITA"]
[Date "2014.07.21"]
[Round "4"]
[White "Winter, Kevin"]
[Black "Volkers, Annemarie"]
[WhiteElo "1825"]
[BlackElo "2019"]
[Result "0-1"]
[PlyCount "82"]
[EventDate "2014.07.19"]

1. e4 c5 2. a3 Nc6 3. b4 cxb4 4. axb4 Nxb4 5. d4 Nf6 6. c3 Nc6 7. e5 Nd5 8. Bc4
e6 9. Nf3 Be7 10. O-O d6 11. Bxd5 exd5 12. Na3 Bg4 13. exd6 Qxd6 14. Nb5 Qb8
15. h3 Bh5 16. Re1 O-O 17. g4 Bg6 18. Rxe7 Nxe7 19. Ne5 Qc8 20. Qb3 a6 21. Nd6
Qc7 22. Ba3 b5 23. Bc5 Rfd8 24. Qa3 Nc6 25. f4 f6 26. Nf3 Bd3 27. Re1 Rd7 28.
Re3 Bc4 29. Qxa6 Rad8 30. Qa3 Rxd6 31. Bxd6 Qxd6 32. Qc1 Kf7 33. Qe1 Rd7 34.
Kg2 Re7 35. f5 Rxe3 36. Qxe3 Qe7 37. Qf4 Be2 38. Nd2 Bd3 39. g5 fxg5 40. Qf3
Be4 41. Nxe4 Qxe4 0-1

[Event "V Festival Terre degli Elimi A"]
[Site "Erice ITA"]
[Date "2014.07.22"]
[Round "5"]
[White "Aleksic, Nenad"]
[Black "Bezemer, Arno"]
[WhiteElo "2348"]
[BlackElo "2287"]
[Result "1/2-1/2"]
[PlyCount "43"]
[EventDate "2014.07.19"]

1. e4 c5 2. Nf3 d6 3. d4 cxd4 4. Nxd4 Nf6 5. Nc3 a6 6. g3 e5 7. Nde2 b5 8. Bg5
Nbd7 9. Nd5 Be7 10. Bxf6 Nxf6 11. Nec3 Bb7 12. Nxf6+ Bxf6 13. a4 b4 14. Nd5 Rc8
15. b3 O-O 16. Bc4 Rc5 17. Qd3 a5 18. O-O Bxd5 19. Bxd5 Rc3 20. Qe2 Qb8 21.
Rad1 Bd8 22. Rd3 1/2-1/2

[Event "V Festival Terre degli Elimi A"]
[Site "Erice ITA"]
[Date "2014.07.22"]
[Round "5"]
[White "Amato, Andrea"]
[Black "Blom, Martijn"]
[WhiteElo "2350"]
[BlackElo "2020"]
[Result "1-0"]
[PlyCount "105"]
[EventDate "2014.07.19"]

1. Nf3 e6 2. e4 d5 3. Nc3 Nf6 4. e5 Nfd7 5. d4 c5 6. dxc5 Bxc5 7. Bd3 Nc6 8.
Bf4 f6 9. exf6 Nxf6 10. Qe2 O-O 11. O-O-O Nb4 12. Kb1 Nxd3 13. Rxd3 Nh5 14. Bg3
Nf4 15. Bxf4 Rxf4 16. Ne4 Be7 17. Ng3 Bf6 18. Nh5 Re4 19. Qxe4 dxe4 20. Rxd8+
Bxd8 21. Rd1 Bb6 22. Ne5 Bc7 23. Ng4 e5 24. Ne3 Be6 25. Ng3 Rf8 26. Nxe4 Bb6
27. Re1 Bd7 28. f3 Be6 29. Ng5 Re8 30. Nxe6 Rxe6 31. Nc4 Bc7 32. h3 Kf7 33. c3
Kf6 34. Re4 Re8 35. Kc2 Rd8 36. Ne3 Rd7 37. c4 b6 38. Kc3 Bd6 39. b4 Ke6 40. f4
a5 41. a3 axb4+ 42. axb4 Ra7 43. Kb3 h5 44. fxe5 Bxe5 45. Nc2 Kf5 46. Re2 Rd7
47. Ka4 Bf4 48. Kb5 Rd6 49. Ne3+ Bxe3 50. Rxe3 Kf4 51. Rf3+ Ke4 52. Rg3 g6 53.
c5 1-0

[Event "V Festival Terre degli Elimi A"]
[Site "Erice ITA"]
[Date "2014.07.22"]
[Round "5"]
[White "Aranaz Murillo, Amalia"]
[Black "Dijkhuis, Tycho"]
[WhiteElo "2298"]
[BlackElo "2321"]
[Result "1/2-1/2"]
[PlyCount "68"]
[EventDate "2014.07.19"]

1. Nf3 c5 2. c4 Nc6 3. g3 g6 4. Bg2 Bg7 5. Nc3 Nf6 6. d4 cxd4 7. Nxd4 O-O 8.
O-O Qa5 9. Nb3 Qh5 10. c5 a5 11. e4 a4 12. Qxh5 Nxh5 13. Nd2 Bd4 14. Nc4 Bxc5
15. Bh6 Rd8 16. Rfd1 d6 17. Nd5 b5 18. Ncb6 Rb8 19. Nxc8 Rdxc8 20. Rac1 e6 21.
g4 exd5 22. gxh5 dxe4 23. hxg6 hxg6 24. Bxe4 Ne5 25. h3 Kh7 26. Bf4 Re8 27. b3
axb3 28. axb3 Re7 29. Kg2 Kg7 30. Rc2 Rh8 31. Rd5 Rhe8 32. Rd1 Rh8 33. Rd5 Rhe8
34. Rd1 Rh8 1/2-1/2

[Event "V Festival Terre degli Elimi A"]
[Site "Erice ITA"]
[Date "2014.07.22"]
[Round "5"]
[White "Aranaz Portugues, Jose' Carlos"]
[Black "Favaloro, Andrea"]
[WhiteElo "2096"]
[BlackElo "2008"]
[Result "1-0"]
[PlyCount "127"]
[EventDate "2014.07.19"]

1. d4 Nf6 2. Bg5 e6 3. e4 h6 4. Bxf6 Qxf6 5. c3 d6 6. Bd3 e5 7. Ne2 Nc6 8. O-O
g5 9. Bb5 a6 10. Qa4 Bd7 11. d5 axb5 12. Qxa8+ Nd8 13. Nd2 Qg6 14. Qb8 c5 15.
c4 h5 16. Nc3 g4 17. Nxb5 h4 18. Rae1 g3 19. fxg3 hxg3 20. hxg3 Bxb5 21. cxb5
Qxg3 22. Nf3 Rg8 23. Re2 Rg6 24. Qa8 Bh6 25. Qa3 Bf4 26. Rfe1 Rh6 27. Rf2 Qg4
28. Kf1 Bg3 29. Qe3 Rg6 30. Ng1 Bxf2 31. Qxf2 Ke7 32. Re2 Rf6 33. Nf3 Rh6 34.
Ke1 Rh1+ 35. Kd2 f5 36. Qe3 f4 37. Qf2 Qd7 38. Re1 Rxe1 39. Qh4+ Ke8 40. Qh8+
Ke7 41. Qg7+ Nf7 42. Ng5 Re2+ 43. Kd1 Kd8 44. Nxf7+ Kc7 45. Kxe2 Qxb5+ 46. Kf2
Qxb2+ 47. Kg1 Qxa2 48. Qf6 Kb6 49. Qxd6+ Kb5 50. Qd7+ Kc4 51. Nxe5+ Kd4 52.
Nf3+ Ke3 53. Qg7 Qb1+ 54. Kh2 Qd3 55. d6 Qxd6 56. Qc3+ Kxe4 57. Qc2+ Ke3 58.
Qc1+ Ke4 59. Qc2+ Ke3 60. Qb3+ Kf2 61. Qc2+ Ke3 62. Qc1+ Ke4 63. Qb1+ Ke3 64.
Qe1+ 1-0

[Event "V Festival Terre degli Elimi A"]
[Site "Erice ITA"]
[Date "2014.07.22"]
[Round "5"]
[White "Bertino, Giacomo"]
[Black "Winter, Kevin"]
[WhiteElo "1918"]
[BlackElo "1825"]
[Result "1-0"]
[PlyCount "77"]
[EventDate "2014.07.19"]

1. d4 d5 2. Nf3 c6 3. e3 Nf6 4. c4 g6 5. Nc3 Bg7 6. Qb3 O-O 7. Bd2 e6 8. Bd3
Nbd7 9. O-O Re8 10. e4 dxe4 11. Nxe4 Nxe4 12. Bxe4 e5 13. dxe5 Nc5 14. Qc2 Nxe4
15. Qxe4 Bf5 16. Qf4 Qb6 17. Bc3 Bd3 18. Ng5 Qc7 19. Rfe1 h6 20. Nf3 g5 21. Qg3
Bxc4 22. h4 gxh4 23. Nxh4 Re6 24. f4 Kh7 25. f5 Ree8 26. Re4 Bd5 27. Re2 Rg8
28. f6 Bf8 29. Qd3+ Kh8 30. Rf1 Rg4 31. Nf5 Bc5+ 32. Kh1 Be6 33. Qh3 Bxf5 34.
Rxf5 Rg6 35. e6 Rd8 36. Rxc5 Rd1+ 37. Re1 Rxe1+ 38. Bxe1 Rxf6 39. Bc3 1-0

[Event "V Festival Terre degli Elimi A"]
[Site "Erice ITA"]
[Date "2014.07.22"]
[Round "5"]
[White "Bijlsma, Nick"]
[Black "Guccione, Cristoforo"]
[WhiteElo "2210"]
[BlackElo "1835"]
[Result "1-0"]
[PlyCount "39"]
[EventDate "2014.07.19"]

1. e4 d5 2. exd5 Nf6 3. d4 Bg4 4. Nf3 Qxd5 5. Be2 Nc6 6. h3 Qh5 7. O-O Bxh3 8.
gxh3 Qxh3 9. c3 Ng4 10. Bf4 h5 11. Qb3 O-O-O 12. Ng5 Qh4 13. Nxf7 e5 14. Qe6+
Kb8 15. Bg3 Qh3 16. Ng5 Qxf1+ 17. Kxf1 exd4 18. Nf7 Bd6 19. Bxd6 Rhe8 20. Nxd8
1-0

[Event "V Festival Terre degli Elimi A"]
[Site "Erice ITA"]
[Date "2014.07.22"]
[Round "5"]
[White "Burg, Brent"]
[Black "Mantovani, Renzo"]
[WhiteElo "2220"]
[BlackElo "2349"]
[Result "1/2-1/2"]
[PlyCount "34"]
[EventDate "2014.07.19"]

1. e4 c5 2. c3 d5 3. exd5 Qxd5 4. d4 Nf6 5. Nf3 Nc6 6. Be2 e6 7. O-O cxd4 8.
cxd4 Be7 9. Nc3 Qd6 10. Be3 O-O 11. a3 Rd8 12. Qb3 b6 13. Rad1 Bb7 14. Qb5 Nd5
15. Nxd5 Qxd5 16. Qxd5 Rxd5 17. Ne5 Nxe5 1/2-1/2